00663nam a22001937a 4500003000900000008004100009040007100050082001900121245008600140260003600226300002900262440004500291440001700336650001700353650002700370650002400397700002000421700002800441AR-CdUCM190313b ||||| |||| 00| 0 spa d aMUNICIPALIDAD PROVINCIAL DEL CUSCOcBIBLIOTECA MUNICIPAL DEL CUSCO a985.009 /bC19 aV. García Calderón; Abraham Valdelomar /cJulio Ortega; Augusto Tamayo Vargas aLima : bUniversitaria, c1966. a147 páginas ; c19 cm. aBiblioteca hombres del Perún : XXXVII aCuarta serie aBiografías aV. García Calderón aAbraham Valdelomar  aOrtega, Julio  aTamayo Vargas, Augusto